| 000 | 01121nam a22003250i 4500 | ||
|---|---|---|---|
| 001 | 20467 | ||
| 003 | VRT | ||
| 005 | 20260122143941.0 | ||
| 008 | 090725s1995 SK r 000 slo d | ||
| 020 | _a8088834511 | ||
| 035 | _a(SVKBBclas03)vtls000020046 | ||
| 039 | 9 |
_a201810181054 _bAUTHORITY _c201810181049 _dAUTHORITY |
|
| 040 |
_aSVKBB _bslo _cSVKBB _eAACR2 |
||
| 041 | 0 | _aslo | |
| 080 | _a820-31=854 | ||
| 090 | _aA 94684 | ||
| 100 | 1 |
_aScott, Walter, _d1771-1832, |
|
| 245 | 0 | 0 |
_aČierny trpaslík _b(1816) _cWalter Scott; prel. Ružena Krajíčková, Blahoslav Hečko |
| 260 |
_aRohovce _bInterpopulart Slovakia _c[1995] |
||
| 300 |
_a124 s. _bPozn. _c19 cm |
||
| 440 | 0 | _a(Populart). | |
| 500 | _aŠtudentská knižnica. Séria: Anglosaská romantická literatúra | ||
| 653 | _aromány anglické. | ||
| 700 | 1 |
_aKrajíčková, Ružena. _4prekl. |
|
| 700 | 1 |
_aHečko, Blahoslav, _d1915-2002, _4prekl. |
|
| 942 |
_2ddc _cKLDO _n0 |
||
| 949 |
_6270001000030582 _asvkbbA 94684 _bsvkbbm 613236 |
||
| 949 |
_6270001000066138 _asvkbbA 94684 _bsvkbbm 612599 |
||
| 949 |
_6270001000066139 _asvkbbA 94684-a _bsvkbbm 612600 |
||
| 999 |
_c20467 _d20467 |
||